| 000 | 00473nam a22001697a 4500 | ||
|---|---|---|---|
| 005 | 20220228142227.0 | ||
| 008 | 180409b ||||| |||| 00| 0 eng d | ||
| 020 | _a9780691154411 | ||
| 040 | _cc | ||
| 082 | _a958.1 BAR | ||
| 100 |
_aBarfield, Thomas _910207 |
||
| 245 |
_aAfghanistan: A Cultural and Political History/ _cThomas Barfield |
||
| 260 |
_aUnited States: _bPrinceton Press, _c2010. |
||
| 300 |
_a389 p. ; _c22 cm. |
||
| 500 | _aPaperback. | ||
| 942 |
_2ddc _cBK |
||
| 999 |
_c478203 _d478203 |
||